UK Political Parties - Statistics

General Stats
  • This quiz has been taken 102 times
  • The average score is 10 of 13
Answer Stats
Ideology Position Seats Answer % Correct
Social Democracy Centre left 579 Labour
100%
______________ism Economic Liberalism British Unionism Centre right to right wing 382 Conservative
98%
LiberalismSocial Liberalism Centre to centre left 156 Liberal Democrats
95%
Scottish Independence Social Democracy Centre left 9 Scottish National Party
94%
PopulismEuroscepticism Right wing 5 Reform UK
93%
________ PoliticsProgressivism Left wing ` 6 Green Party
84%
Irish RepublicanismDemocratic Socialism Centre left to left wing 7 Sinn Fein
80%
Welsh NationalismSocial Democracy Centre left to left wing 5 Plaid Cymru
73%
British UnionismPopulism Euroscepticism Right wing 10 Democratic Unionist Party
69%
Social DemocracyIrish Nationalism Centre left 2 Social Democratic and Labour Party
55%
British Unionism Conservatism Centre right 3 Ulster Unionist Party
49%
LiberalismNonsectarianism Centre to centre left 1 Alliance Party of Northern Ireland
48%
British UnionismSocial Conservatism Euroscepticism Right wing 1 Traditional Unionist Voice
45%
No matching quizzes found
Score Distribution
Percent of People with Each Score
Percentile by Number Answered
Your Score History
You have not taken this quiz